000 00978nac a22002651i 4500
003 EG-ScBUE
005 20241111154101.0
008 241111s2004 ii f b 001 0 eng d
020 _a8122415342
040 _aEG-ScBUE
_beng
_erda
_cEG-ScBUE
_dEG-ScBUE
082 0 4 _a519.4
_bJAI
_222
100 1 _aJain, M. K.,
_eauthor.
245 1 0 _aNumerical methods :
_bProblems and solutions /
_cM.K. Jain, S.R.K. Iyengar, R.K. Jain, Department of Mathematics, Indian Institute of Technology Delhi, India.
264 1 _aNew Dewlhi :
_bNew Age International publishers,
_c2004.
300 _a421 pages ;
_c26 cm
336 _2rdacontent
_atext
_btxt
337 _aunmediated
_2rdamedia
_bn
338 _avolume
_bnc
_2rdacarrier
504 _aIncludes bibliographical references and index.
650 7 _aNumerical analysis.
_2BUEsh
655 _vReading book
700 1 _aIyengar, S. R. K.,
_eauthor.
700 1 _aJain, Rajendra K.,
_d1951-
_eauthor.
942 _cBB
_2ddc
999 _c6311
_d6311